| 000 | 00522nam a2200169Ia 4500 | ||
|---|---|---|---|
| 008 | 210430s9999 xx 000 0 und d | ||
| 020 | _a9780750644440 | ||
| 082 | _a620 C 853 C | ||
| 100 | _4 J M. Coulson, J F Richardson | ||
| 245 |
_aCoulson & Richardson's Chemical Engineering: Fluid Flow, Heat Transfer and Mass Transfer V-1 / _bJ.m. Coulson |
||
| 250 | _a6th edition | ||
| 260 |
_aCoulson _6895p _b2009 |
||
| 300 | _aChemical Engineering Volum 1 | ||
| 650 |
_aIndia _925356 |
||
| 856 | _uBK | ||
| 942 |
_cBK _2ddc |
||
| 999 |
_c564290 _d564290 |
||